| 000 -LEADER |
| fixed length control field |
02477nam a22006377a 4500 |
| 001 - CONTROL NUMBER |
| control field |
8609715 |
| 003 - CONTROL NUMBER IDENTIFIER |
| control field |
LIBRIS |
| 005 - DATE AND TIME OF LATEST TRANSACTION |
| control field |
20210426101000.0 |
| 008 - FIXED-LENGTH DATA ELEMENTS--GENERAL INFORMATION |
| fixed length control field |
020913s2003 xxu 001 0 eng c |
| 010 ## - LIBRARY OF CONGRESS CONTROL NUMBER |
| LC control number |
2002011347 |
| 020 ## - INTERNATIONAL STANDARD BOOK NUMBER |
| International Standard Book Number |
0151005575 |
| 035 ## - SYSTEM CONTROL NUMBER |
| System control number |
(DLC) 2002011347 |
| 040 ## - CATALOGING SOURCE |
| Original cataloging agency |
DLC |
| Transcribing agency |
DLC |
| Modifying agency |
C |
| Language of cataloging |
eng |
| 041 ## - LANGUAGE CODE |
| Language code of text/sound track or separate title |
eng |
| 080 ## - UNIVERSAL DECIMAL CLASSIFICATION NUMBER |
| Universal Decimal Classification number |
15 |
| Item number |
D-17 |
| 082 00 - DEWEY DECIMAL CLASSIFICATION NUMBER |
| Classification number |
152.4 |
| Edition number |
21 |
| 084 ## - OTHER CLASSIFICATION NUMBER |
| Classification number |
Dodf |
| Number source |
kssb/7 |
| 100 1# - MAIN ENTRY--PERSONAL NAME |
| Personal name |
Damasio, Antonio R. |
| Authority record control number or standard number |
228541 |
| 245 10 - TITLE STATEMENT |
| Title |
Looking for Spinoza : |
| Remainder of title |
joy, sorrow, and the human brain / |
| Statement of responsibility, etc. |
Antonio Damasio |
| 250 ## - EDITION STATEMENT |
| Edition statement |
1st edition |
| 260 ## - PUBLICATION, DISTRIBUTION, ETC. |
| Place of publication, distribution, etc. |
Orlando : |
| Name of publisher, distributor, etc. |
Harcourt, |
| Date of publication, distribution, etc. |
cop. 2003 |
| 300 ## - PHYSICAL DESCRIPTION |
| Extent |
355 s. : |
| Other physical details |
ill. |
| 365 ## - TRADE PRICE |
| Price amount |
28 usd |
| 600 14 - SUBJECT ADDED ENTRY--PERSONAL NAME |
| Personal name |
Spinoza, Benedictus de, |
| Dates associated with a name |
1632-1677. |
| Authority record control number or standard number |
93498 |
| 650 #0 - SUBJECT ADDED ENTRY--TOPICAL TERM |
| Topical term or geographic name entry element |
Emotions |
| 650 #0 - SUBJECT ADDED ENTRY--TOPICAL TERM |
| Topical term or geographic name entry element |
Psychology |
| 9 (RLIN) |
134 |
| 650 #2 - SUBJECT ADDED ENTRY--TOPICAL TERM |
| Topical term or geographic name entry element |
Emotions |
| General subdivision |
physiology |
| 650 #2 - SUBJECT ADDED ENTRY--TOPICAL TERM |
| Topical term or geographic name entry element |
Neuropsychology |
| 650 #7 - SUBJECT ADDED ENTRY--TOPICAL TERM |
| Topical term or geographic name entry element |
Neuropsykologi |
| Source of heading or term |
sao |
| Authority record control number or standard number |
155126 |
| 650 #0 - SUBJECT ADDED ENTRY--TOPICAL TERM |
| Topical term or geographic name entry element |
Neuropsychology |
| 653 ## - INDEX TERM--UNCONTROLLED |
| Uncontrolled term |
ფსიქოლოგია |
| 653 ## - INDEX TERM--UNCONTROLLED |
| Uncontrolled term |
ნეიროფსიქოლოგია |
| 900 1s - EQUIVALENCE OR CROSS-REFERENCE-PERSONAL NAME [LOCAL, CANADA] |
| Linkage |
600 |
| Dates associated with a name |
1632-1677 |
| Affiliation |
Spinoza, Benedictus de, |
| Dates associated with a name |
1632-1677 |
| 900 1s - EQUIVALENCE OR CROSS-REFERENCE-PERSONAL NAME [LOCAL, CANADA] |
| Linkage |
600 |
| Dates associated with a name |
1632-1677 |
| Affiliation |
Spinoza, Benedictus de, |
| Dates associated with a name |
1632-1677 |
| 900 1s - EQUIVALENCE OR CROSS-REFERENCE-PERSONAL NAME [LOCAL, CANADA] |
| Linkage |
600 |
| Dates associated with a name |
1632-1677 |
| Affiliation |
Spinoza, Benedictus de, |
| Dates associated with a name |
1632-1677 |
| 900 1s - EQUIVALENCE OR CROSS-REFERENCE-PERSONAL NAME [LOCAL, CANADA] |
| Linkage |
600 |
| Dates associated with a name |
1632-1677 |
| Affiliation |
Spinoza, Benedictus de, |
| Dates associated with a name |
1632-1677 |
| 900 1s - EQUIVALENCE OR CROSS-REFERENCE-PERSONAL NAME [LOCAL, CANADA] |
| Linkage |
600 |
| Dates associated with a name |
1632-1677 |
| Affiliation |
Spinoza, Benedictus de, |
| Dates associated with a name |
1632-1677 |
| 900 1s - EQUIVALENCE OR CROSS-REFERENCE-PERSONAL NAME [LOCAL, CANADA] |
| Linkage |
600 |
| Dates associated with a name |
1632-1677 |
| Affiliation |
Spinoza, Benedictus de, |
| Dates associated with a name |
1632-1677 |
| 900 1s - EQUIVALENCE OR CROSS-REFERENCE-PERSONAL NAME [LOCAL, CANADA] |
| Linkage |
600 |
| Dates associated with a name |
1632-1677 |
| Affiliation |
Spinoza, Benedictus de, |
| Dates associated with a name |
1632-1677 |
| 900 1s - EQUIVALENCE OR CROSS-REFERENCE-PERSONAL NAME [LOCAL, CANADA] |
| Linkage |
600 |
| Dates associated with a name |
1632-1677 |
| Affiliation |
Spinoza, Benedictus de, |
| Dates associated with a name |
1632-1677 |
| 900 1s - EQUIVALENCE OR CROSS-REFERENCE-PERSONAL NAME [LOCAL, CANADA] |
| Linkage |
600 |
| Dates associated with a name |
1632-1677 |
| Affiliation |
Spinoza, Benedictus de, |
| Dates associated with a name |
1632-1677 |
| 942 ## - ADDED ENTRY ELEMENTS (KOHA) |
| Source of classification or shelving scheme |
|
| Koha item type |
Books |
| Edition |
1 |